| 000 | 01302cam a2200337 a 4500 | ||
|---|---|---|---|
| 999 |
_c10122 _d10122 |
||
| 001 | 16311063 | ||
| 003 | GZU | ||
| 005 | 20211014154433.0 | ||
| 008 | 100630s2010 ilua b 001 0 eng d | ||
| 010 | _a 2010293931 | ||
| 020 | _a9781577666097 (hbk.) | ||
| 020 | _a1577666097 (hbk.) | ||
| 035 | _a(OCoLC)ocn430839323 | ||
| 040 |
_aBTCTA _cBTCTA _dBWX _dIUL _dSINIE _dYDXCP _dDLC |
||
| 042 | _alccopycat | ||
| 043 | _an-us--- | ||
| 050 | 0 | 0 |
_aLB2806.15 _b.HEN 2010 |
| 100 | 1 |
_aHenson, Kenneth T. _eauthor |
|
| 245 | 1 | 0 |
_aCurriculum planning : _bintegrating multiculturalism, constructivism and education reform / _cKenneth T. Henson. |
| 250 | _a4th edition. | ||
| 260 |
_aLong Grove, Ill. : _bWaveland Press, _cc2010. |
||
| 300 |
_axvii, 485 pages. : _bill. ; _c25 cm. |
||
| 504 | _aIncludes bibliographical references (p. 443-463) and indexes. | ||
| 650 | 0 |
_aCurriculum planning _zUnited States _vCase studies. |
|
| 650 | 0 |
_aEducational change _zUnited States _xHistory _y21st century. |
|
| 650 | 0 |
_aMulticultural education _zUnited States _vCase studies. |
|
| 650 | 0 |
_aConstructivism (Education) _zUnited States _vCase studies. |
|
| 906 |
_a7 _bcbc _ccopycat _d2 _encip _f20 _gy-gencatlg |
||
| 942 |
_2lcc _cBK _eFourth edition _h2806.15 _iHEN _kLB |
||